000
00296 a2200133 4500
001
153664
040
_c
Escola São Tomás de Aquino
240
1
0
_a
A festa no céu
_l
por
245
1
0
_a
A festa no céu
362
0
_a
2008
440
1
_a
Melhoramentos
697
_a
*LITERATURA INFANTO
942
_c
BK
999
_c
153664
_d
153664